Transparencia versus corrupción : os arquivos e a democracia / os arquivos e a democracia /
ISBN:
9788488522337
Descripción Física:
243 pàgines : il·lustracions ; 24 cm
Colección:
Boletín avriense. Anexos
; 36.
Materias:
Arxius -- Espanya -- S. XX
; Arxius -- Espanya -- S. XX -- Congressos
; Transparència política -- Espanya
Idioma:
Español
MARC
| LEADER | 00000nam a22000004a 4500 | ||
|---|---|---|---|
| 001 | 25822 | ||
| 005 | 20260324181120.0 | ||
| 007 | ta | ||
| 008 | 161108s2016 sp a 100 0 spadc | ||
| 020 | |a 9788488522337 | ||
| 020 | |a 8488522339 | ||
| 080 | |a Bib-626 | ||
| 111 | |a Xornadas Olga Gallego de Arquivos |n (1a : |d 2015 : |c A Coruña) |9 53326 | ||
| 245 | 1 | 0 | |a Transparencia versus corrupción : |b os arquivos e a democracia / |c actas das I Xornadas "Olga Gallego" de Arquivos : A Coruña, 2 e 3 outubro 2015. |
| 260 | |a Orurense : |b Museo Arqueolóxico Provincial, |c 2016. | ||
| 300 | |a 243 pàgines : |b il·lustracions ; |c 24 cm | ||
| 490 | 1 | |a Boletín Avriense. Anexos ; |v 36 | |
| 650 | 0 | |a Arxius |z Espanya |y S. XX |9 53327 | |
| 650 | 0 | |a Arxius |z Espanya |y S. XX |9 53328 |v Congressos | |
| 650 | 0 | |a Transparència política |9 11130 |z Espanya | |
| 710 | 2 | |9 53329 |a Museo Arqueolóxico Provincial (Ourense) | |
| 830 | 0 | |a Boletín avriense. |p Anexos ; |v 36. | |
| 908 | |a AHCB | ||
| 940 | |a OCLC | ||
| 942 | |2 udc |c ARXIU |n 1 | ||
| 952 | |0 0 |1 0 |4 0 |6 BIB626 |7 1 |9 62281 |a Arxiu |b Arxiu |d 2022-06-08 |l 0 |o Bib-626 |p 25822 |r 2022-06-08 00:00:00 |w 2022-06-08 |y ARXIU | ||
| 999 | |c 81944 |d 81944 | ||